01720nam a2200361 a 4500001001200000003000800012006001900020007001500039008004100054010001700095020002500112020002700137040002100164035002100185050002300206082001200229245016000241260005200401300003100453490005500484504005100539505027600590533015200866650002801018650002701046650001501073655002901088700002301117710001701140830005601157856012601213999001901339ebr10677860CaPaEBRm u cr cn|||||||||121128s2013 njuab sb 001 0 eng d z 2012035310 z9781118398647 (pbk.) z9781118540244 (e-book) aCaPaEBRcCaPaEBR a(OCoLC)84117044214aT58.5b.A93 2013eb04a00122304aThe data bonanzah[electronic resource] :bimproving knowledge discovery for science, engineering, and business /cedited by Malcolm Atkinson ... [et al.]. aHoboken, N.J. :bJohn Wiley & Sons Inc.,c2013. axxx, 543 p. :bill., maps.1 aWiley series on parallel and distributed computing aIncludes bibliographical references and index.0 apt. 1. Strategies for success in the digital-data revolution -- pt. 2. Data-intensive knowledge discovery -- pt. 3. Data-intensive engineering -- pt. 4. Data-intensive application experience -- pt. 5. Data-intensive beacons of success -- pt. 6. The data-intensive future. aElectronic reproduction.bPalo Alto, Calif. :cebrary,d2013.nAvailable via World Wide Web.nAccess may be limited to ebrary affiliated libraries. 0aInformation technology. 0aInformation retrieval. 0aDatabases. 7aElectronic books.2local1 aAtkinson, Malcolm.2 aebrary, Inc. 0aWiley series on parallel and distributed computing.40uhttp://site.ebrary.com/lib/rucke/Doc?id=10677860zAn electronic book accessible through the World Wide Web; click to view c168289d168289